NBA Starting Centers 2020s - Statistics

General Stats
  • This quiz has been taken 1,012 times
    36 since last reset
  • The average score is 151 of 180
Answer Stats
Team Season First Name Last Name % Correct
Atlanta 2020-21 Clint Capela
100%
Atlanta 2021-22 Clint Capela
100%
Atlanta 2022-23 Clint Capela
100%
Atlanta 2023-24 Clint Capela
100%
Atlanta 2024-25 Clint Capela
100%
Boston 2022-23 Al Horford
97%
Brooklyn 2020-21 DeAndre Jordan
97%
Miami 2020-21 Bam Adebayo
93%
Miami 2021-22 Bam Adebayo
93%
Miami 2022-23 Bam Adebayo
93%
Miami 2023-24 Bam Adebayo
93%
Miami 2025-26 Bam Adebayo
93%
Brooklyn 2022-23 Nic Claxton
93%
Brooklyn 2023-24 Nic Claxton
93%
Brooklyn 2024-25 Nic Claxton
93%
Brooklyn 2025-26 Nic Claxton
93%
LA Lakers 2021-22 Anthony Davis
93%
LA Lakers 2022-23 Anthony Davis
93%
LA Lakers 2023-24 Anthony Davis
93%
LA Lakers 2024-25 Anthony Davis
93%
Philadelphia 2020-21 Joel Embiid
93%
Philadelphia 2021-22 Joel Embiid
93%
Philadelphia 2022-23 Joel Embiid
93%
Philadelphia 2023-24 Joel Embiid
93%
Philadelphia 2025-26 Joel Embiid
93%
Minnesota 2022-23 Rudy Gobert
93%
Minnesota 2023-24 Rudy Gobert
93%
Minnesota 2024-25 Rudy Gobert
93%
Minnesota 2025-26 Rudy Gobert
93%
Utah 2020-21 Rudy Gobert
93%
Utah 2021-22 Rudy Gobert
93%
Golden State 2023-24 Draymond Green
93%
Golden State 2025-26 Draymond Green
93%
Oklahoma City 2023-24 Chet Holmgren
93%
Denver 2020-21 Nikola Jokić
93%
Denver 2021-22 Nikola Jokić
93%
Denver 2022-23 Nikola Jokić
93%
Denver 2023-24 Nikola Jokić
93%
Denver 2024-25 Nikola Jokić
93%
Denver 2025-26 Nikola Jokić
93%
Milwaukee 2020-21 Brook Lopez
93%
Milwaukee 2022-23 Brook Lopez
93%
Milwaukee 2023-24 Brook Lopez
93%
Milwaukee 2024-25 Brook Lopez
93%
Boston 2023-24 Kristaps Porzingis
93%
Boston 2024-25 Kristaps Porzingis
93%
Dallas 2020-21 Kristaps Porzingis
93%
Washington 2022-23 Kristaps Porzingis
93%
Sacramento 2022-23 Domantas Sabonis
93%
Sacramento 2023-24 Domantas Sabonis
93%
Sacramento 2024-25 Domantas Sabonis
93%
Houston 2022-23 Alperen Şengün
93%
Houston 2023-24 Alperen Şengün
93%
Houston 2024-25 Alperen Şengün
93%
Houston 2025-26 Alperen Şengün
93%
Boston 2020-21 Tristan Thompson
93%
Minnesota 2020-21 Karl-Anthony Towns
93%
Minnesota 2021-22 Karl-Anthony Towns
93%
New York 2024-25 Karl-Anthony Towns
93%
New York 2025-26 Karl-Anthony Towns
93%
San Antonio 2023-24 Victor Wembanyama
93%
San Antonio 2024-25 Victor Wembanyama
93%
San Antonio 2025-26 Victor Wembanyama
93%
Boston 2021-22 Robert Williams
93%
Charlotte 2024-25 Mark Williams
93%
Oklahoma City 2022-23 Jaylin Williams
93%
Phoenix 2025-26 Mark Williams
93%
Memphis 2021-22 Steven Adams
90%
Memphis 2022-23 Steven Adams
90%
New Orleans 2020-21 Steven Adams
90%
Cleveland 2020-21 Jarrett Allen
90%
Cleveland 2021-22 Jarrett Allen
90%
Cleveland 2022-23 Jarrett Allen
90%
Cleveland 2023-24 Jarrett Allen
90%
Cleveland 2024-25 Jarrett Allen
90%
Cleveland 2025-26 Jarrett Allen
90%
LA Lakers 2025-26 Deandre Ayton
90%
Phoenix 2020-21 DeAndre Ayton
90%
Phoenix 2021-22 DeAndre Ayton
90%
Phoenix 2022-23 DeAndre Ayton
90%
Portland 2023-24 DeAndre Ayton
90%
Portland 2024-25 DeAndre Ayton
90%
Orlando 2022-23 Wendell Carter Jr.
90%
Orlando 2023-24 Wendell Carter Jr.
90%
Orlando 2024-25 Wendell Carter Jr.
90%
Orlando 2025-26 Wendell Carter Jr.
90%
LA Lakers 2020-21 Marc Gasol
90%
LA Clippers 2020-21 Serge Ibaka
90%
Golden State 2020-21 Kevon Looney
90%
Golden State 2021-22 Kevon Looney
90%
Golden State 2022-23 Kevon Looney
90%
Phoenix 2023-24 Jusuf Nurkić
90%
Portland 2020-21 Jusuf Nurkić
90%
Portland 2021-22 Jusuf Nurkić
90%
Portland 2022-23 Jusuf Nurkić
90%
Toronto 2021-22 Pascal Siakam
90%
Toronto 2022-23 Pascal Siakam
90%
Indiana 2020-21 Myles Turner
90%
Indiana 2021-22 Myles Turner
90%
Indiana 2022-23 Myles Turner
90%
Indiana 2023-24 Myles Turner
90%
Indiana 2024-25 Myles Turner
90%
Milwaukee 2025-26 Myles Turner
90%
Chicago 2020-21 Nikola Vučević
90%
Chicago 2021-22 Nikola Vučević
90%
Chicago 2022-23 Nikola Vučević
90%
Chicago 2023-24 Nikola Vučević
90%
Chicago 2024-25 Nikola Vučević
90%
Chicago 2025-26 Nikola Vučević
90%
Orlando 2020-21 Nikola Vučević
90%
LA Clippers 2021-22 Ivica Zubac
90%
LA Clippers 2022-23 Ivica Zubac
90%
LA Clippers 2023-24 Ivica Zubac
90%
LA Clippers 2024-25 Ivica Zubac
90%
Detroit 2022-23 Jalen Duren
87%
Detroit 2023-24 Jalen Duren
87%
Detroit 2024-25 Jalen Duren
87%
Detroit 2025-26 Jalen Duren
87%
New York 2023-24 Isaiah Hartenstein
87%
Oklahoma City 2024-25 Isaiah Hartenstein
87%
Oklahoma City 2025-26 Isaiah Hartenstein
87%
Memphis 2023-24 Jaren Jackson Jr.
87%
Memphis 2025-26 Jaren Jackson Jr.
87%
New York 2021-22 Mitchell Robinson
87%
New York 2022-23 Mitchell Robinson
87%
Milwaukee 2021-22 Bobby Portis
83%
Dallas 2021-22 Dwight Powell
83%
Dallas 2022-23 Dwight Powell
83%
Memphis 2020-21 Jonas Valančiunas
83%
New Orleans 2021-22 Jonas Valančiunas
83%
New Orleans 2022-23 Jonas Valančiunas
83%
New Orleans 2023-24 Jonas Valančiunas
83%
Memphis 2024-25 Zach Edey
80%
San Antonio 2020-21 Jakob Poeltl
80%
San Antonio 2021-22 Jakob Poeltl
80%
San Antonio 2022-23 Jakob Poeltl
80%
Toronto 2023-24 Jakob Poeltl
80%
Toronto 2024-25 Jakob Poeltl
80%
Toronto 2025-26 Jakob Poeltl
80%
Washington 2024-25 Alex Sarr
80%
Washington 2025-26 Alex Sarr
80%
Orlando 2021-22 Mo Bamba
77%
Brooklyn 2021-22 Andre Drummond
77%
Dallas 2024-25 Daniel Gafford
77%
Dallas 2025-26 Daniel Gafford
77%
Washington 2021-22 Daniel Gafford
77%
Washington 2023-24 Daniel Gafford
77%
New York 2020-21 Nerlens Noel
77%
Charlotte 2021-22 Mason Plumlee
77%
Charlotte 2022-23 Mason Plumlee
77%
Detroit 2020-21 Mason Plumlee
77%
Charlotte 2020-21 Bismack Biyombo
73%
Boston 2025-26 Neemias Queta
73%
Miami 2024-25 Kel'el Ware
73%
Indiana 2025-26 Jay Huff
70%
Utah 2024-25 Walker Kessler
70%
Detroit 2021-22 Isaiah Stewart
70%
Portland 2025-26 Donovan Clingan
67%
LA Clippers 2025-26 John Collins
67%
Utah 2023-24 John Collins
67%
Charlotte 2025-26 Moussa Diabate
67%
Atlanta 2025-26 Onyeka Okongwu
67%
Houston 2020-21 Christian Wood
63%
Houston 2021-22 Christian Wood
63%
Sacramento 2020-21 Richaun Holmes
60%
Sacramento 2021-22 Richaun Holmes
60%
New Orleans 2025-26 Derik Queen
60%
Philadelphia 2024-25 Guerschon Yabusele
60%
Utah 2022-23 Kelly Olynyk
53%
New Orleans 2024-25 Yves Missi
50%
Charlotte 2023-24 Nick Richards
47%
Phoenix 2024-25 Nick Richards
47%
Golden State 2024-25 Trayce Jackson-Davis
40%
Sacramento 2025-26 Maxime Raynaud
40%
Utah 2025-26 Kyle Filipowski
37%
Washington 2020-21 Alex Len
37%
Dallas 2023-24 Dereck Lively II
37%
Toronto 2020-21 Aron Baynes
27%
Oklahoma City 2021-22 Jeremiah Robinson-Earl
17%
Oklahoma City 2020-21 Isaiah Roby
10%
No matching quizzes found
Score Distribution
Percent of People with Each Score
Percentile by Number Answered
Your Score History
You have not taken this quiz since the last reset